00386nam a22001337a 450000500170000000800410001704100130005808200130007110000130008424500410009726000570013830000310019565000260022620240612145100.0240612b |||||||| |||| 00| 0 eng d aEnglish  a349 LAW  lEnglish  aThe All England Law Reports: Reprint aLondon: bButterworth and Co. Publishers Ltd, c1969 bxxxv, 1088 pages;c25 cm.  aLegal practice bLaw